Cifras comparativas de los censos de 1940 y 1952 y muestra del censo de 1960

Uloženo v:
Podrobná bibliografie
Korporativní autor: Dirección de Estadística y Censos (Autor)
Médium: Kniha
Jazyk:španělština
Vydáno: Santiago Dirección de Estadisticas y Censos 1960
Témata:
Tagy: Přidat tag
Žádné tagy, Buďte první, kdo vytvoří štítek k tomuto záznamu!

MARC

LEADER 00000nam a2200000 a 4500
001 UCO4290
003 CL-VaPUC
008 000728e19600000CL |||||||||||||||||spa|d
082 0 4 |a 310.983  |b DIR  |2 21 
110 2 |a Dirección de Estadística y Censos  |e author  |9 448690 
245 1 0 |a Cifras comparativas de los censos de 1940 y 1952 y muestra del censo de 1960 
300 |a pag. irreg 
942 |c BK 
945 |d 20000728 00:00:00  |a crobeson 
260 |a Santiago  |b Dirección de Estadisticas y Censos  |c 1960 
650 7 |a CENSO 1940  |2 CL-VaPUC  |9 448466 
650 7 |a CENSO 1952  |2 CL-VaPUC  |9 448469 
650 7 |a CENSO 1960  |2 CL-VaPUC  |9 448691 
650 0 |a Población  |9 257577 
650 0 |a Vivienda  |9 258662 
650 0 |a Estadísticas  |9 258644 
650 0 |a Demografía   |9 260008 
651 7 |a CHILE  |2 CL-VaPUC  |9 448692 
583 |a last modification  |c 20170808 05:42:16  |k Rodrigo Vera 
999 |c 290355  |d 290353 
952 |0 0  |1 0  |4 0  |6 310_983000000000000_DIR_1960  |7 0  |8 X  |9 339694  |a BIBHIS  |b BIBHIS  |d 2019-11-20  |i 1212850  |o 310.983 DIR 1960  |p 1212850  |r 2024-01-30  |w 2019-11-20  |y BK_X  |k HIS